Statistics for Every country where G is the FOURTH letter

Click here to take the quiz!

General Stats

  • This quiz has been taken 40 times
  • The average score is 4 of 9

Answer Stats

HintAnswer% Correct
3Bulgaria
59%
5Kyrgyzstan
59%
2Belgium
48%
1Bangladesh
45%
6Mongolia
45%
4Hungary
41%
8Tonga
38%
9Uruguay
38%
7Singapore
21%

Score Distribution

Percentile by Number Answered

Percent of People with Each Score

Your Score History

You have not taken this quiz